000 00677cam a2200229 a 4500
001 13277854
005 20180226045533.0
008 030716s2005 maua 001 0 eng
010 _a 2003110172
020 _a0618399429 (Instructor's annotated ed.)
020 _a0618399410 (student ed.)
040 _aDLC
_cDLC
041 _aeng
080 _a54 EBB
082 _a54 EBB
100 1 _a12
101 _aKIM
245 1 0 _aGeneral chemistry /
_cDarrell D. Ebbing, Steven D. Gammon.
906 _a7
_bcbc
_corigcop
_d3
_eepcn
_f20
_gy-gencatlg
942 _2ddc
_cBK
999 _c43436
_d43436